000 00826nam a22002057a 4500
999 _c6683
_d6683
003 AR-CdUCM
008 190319b ||||| |||| 00| 0 spa d
040 _aMUNICIPALIDAD PROVINCIAL DEL CUSCO
_cBIBLIOTECA MUNICIPAL DEL CUSCO
082 _22ed.
_a079 /
_bT25
100 _aTaufic, Camilo
_918798
245 _aPeriodismo y lucha de clases :
_bla información como forma del poder político /
260 _aLima :
_bCausachun,
_c1983.
300 _a215 páginas ;
_c18 cm.
505 _aContenido: El periodismo en la comunicación social -- La información, una forma del poder político -- La influencia de los medios de comunicación.
650 _aPeriodismo y política
_918799
650 _aOpinión pública y medios de comunicación
_918800
650 _aLuchas sociales
_99086
942 _2ddc
_cLIBROS
945 _aachl